Science Quiz

Random Science or Numbers Quiz

1-10 Multiplication Blitz Quiz Stats

 Plays Quiz Updated Mar 17, 2020

Support Sporcle.
Go Orange.
Score 0/100 Timer 01:30
5 Plays Today
Times Answer % Correct
×11
99.7%
×12
99.4%
×13
99.2%
×14
99.1%
×15
99%
×16
99%
×17
98.9%
×18
98.8%
×19
98.7%
×110
98.4%
×22
97.9%
×24
97.8%
×26
97.7%
×28
97.6%
×210
97.4%
×212
97.3%
×214
97.1%
×216
96.9%
×218
96.8%
×220
96.7%
×33
96.4%
×36
96.3%
×39
96.2%
×312
96%
×315
95.8%
×318
95.5%
×321
95.3%
×324
95%
×327
94.7%
×330
94.6%
×44
94.2%
×48
94%
×412
93.7%
×416
93.3%
Times Answer % Correct
×420
93%
×424
92.6%
×428
92.2%
×432
91.7%
×436
91.3%
×440
91.2%
×55
91%
×510
90.8%
×515
90.6%
×520
90.3%
×525
90.1%
×530
89.8%
×535
89.5%
×540
89.2%
×545
89%
×550
88.7%
×66
87.6%
×612
87%
×618
86.3%
×624
85.4%
×630
84.5%
×636
83.8%
×642
82.8%
×648
81.7%
×654
79.9%
×660
79.3%
×77
78.3%
×714
77.5%
×721
76.6%
×728
75.4%
×735
73.7%
×742
72%
×749
70.3%
×756
68.2%
Times Answer % Correct
×763
65.3%
×770
64.2%
×88
62.8%
×816
61.5%
×824
59.7%
×832
57.8%
×840
55.8%
×848
54.1%
×856
51.9%
×864
49.3%
×872
46.7%
×880
45.7%
×99
45.2%
×918
43.8%
×927
41.9%
×936
40%
×945
38.4%
×954
36.6%
×963
34.8%
×972
33.2%
×1010
31.8%
×981
31.7%
×1020
30.8%
×990
30.7%
×1030
30.1%
×1040
29.5%
×1050
28.9%
×1060
28.3%
×1070
27.6%
×1080
26.8%
×1090
26.1%
×10100
25%

From the Vault

Odd One Out: Same Characters

by aquascape

Movies 5m
What are the odds more than one person will play the same movie character?
Remove Ads.
Support Sporcle.
Get the best of Sporcle when you Go Orange. This ad-free experience offers more features, more stats, and more fun while also helping to support Sporcle. Thank you for becoming a member.

Show Comments

Extras

Top Quizzes Today


Score Distribution

Your Account Isn't Verified!

In order to create a playlist on Sporcle, you need to verify the email address you used during registration. Go to your Sporcle Settings to finish the process.

Report this User

Report this user for behavior that violates our Community Guidelines.

Details: